Software project management : (Record no. 3094)
[ view plain ]
| 000 -LEADER | |
|---|---|
| fixed length control field | 00614cam a22001932 4500 |
| 001 - CONTROL NUMBER | |
| control field | 0000006293 |
| 005 - DATE AND TIME OF LATEST TRANSACTION | |
| control field | 20151217145831.0 |
| 008 - FIXED-LENGTH DATA ELEMENTS--GENERAL INFORMATION | |
| fixed length control field | 071012s xx 000 0 eng d |
| 020 ## - INTERNATIONAL STANDARD BOOK NUMBER | |
| International Standard Book Number | 8177583786 : |
| Terms of availability | KES 3400 |
| 040 ## - CATALOGING SOURCE | |
| Original cataloging agency | KABU |
| Transcribing agency | KABU |
| 100 1# - MAIN ENTRY--PERSONAL NAME | |
| Personal name | Royce, Walker. |
| -- | 0000157706 |
| 245 10 - TITLE STATEMENT | |
| Title | Software project management : |
| Remainder of title | a unified framework / |
| Statement of responsibility, etc. | Walker Royce. |
| 260 ## - PUBLICATION, DISTRIBUTION, ETC. (IMPRINT) | |
| Place of publication, distribution, etc. | New Delhi : |
| Name of publisher, distributor, etc. | Dorling Kindersley, |
| Date of publication, distribution, etc. | 1998. |
| 300 ## - PHYSICAL DESCRIPTION | |
| Extent | xxviii,406 p. |
| 650 #0 - SUBJECT ADDED ENTRY--TOPICAL TERM | |
| Topical term or geographic name as entry element | Computer software |
| General subdivision | Development |
| -- | Management. |
| -- | 0000154567 |
| 908 ## - PUT COMMAND PARAMETER (RLIN) | |
| Put command parameter | 071012 |
| 950 ## - LOCAL HOLDINGS (RLIN) | |
| -- | 1 |
| Withdrawn status | Lost status | Source of classification or shelving scheme | Not for loan | Home library | Current library | Date acquired | Total Checkouts | Full call number | Barcode | Date last seen | Date last checked out | Price effective from | Koha item type |
|---|---|---|---|---|---|---|---|---|---|---|---|---|---|
| Library of Congress Classification | Kabarak, Main Campus | Kabarak, Main Campus | 17/12/2015 | 1 | QA76.76 .D47R69 | 010580 | 12/07/2021 | 07/07/2021 | 17/12/2015 | General Collection |